Fortnite - Toutes les villes du Chapitre 1 (Difficile) - Statistiques

Statistiques générales
  • Ce quiz a été pris 191 fois
    22 depuis la dernière actualisation
  • Le résultat moyen est 17 sur 42
Statistiques - réponses
Par images Réponse % Correct
Fatal Fields
92%
Anarchy Acres
83%
Dusty Depot
83%
Pleasant Park
83%
Retail Row
83%
Greasy Grove
75%
Lucky Landing
67%
Flush Factory
58%
Loot Lake
58%
Moisty Mire
58%
Paradise Palms
58%
Salty Springs
58%
Tilted Towers
58%
Dusty Divot
50%
Haunted Hills
50%
Lonely Lodge
50%
Risky Reels
50%
Shifty Shafts
50%
Tomato Town
50%
Motel
42%
Polar Peak
42%
Prison
42%
Wailing Woods
42%
Frosty Flights
33%
Happy Hamlet
33%
Lazy Links
33%
Lazy Lagoon
25%
Le Block
25%
Mega Mall
25%
Neo Tilted
25%
Snobby Shores
25%
Gotham City
17%
Sunny Steps
17%
Tilted Town
17%
Junk Junction
8%
Île Volante
0%
Moisty Palms
0%
Pandore
0%
Pressure Plant
0%
Starry Suburbs
0%
Viking Village
0%
Volcan
0%
Aucun quiz correspondant
Distribution des résultats
% des personnes avec chaque résultat
Percentile par nombre de réponses
Votre historique - résultats
Vous n’avez pas pris ce quiz depuis la dernière actualisation